Central Library OPAC University of Rajshahi

Management and policy science in American government : (Record no. 5773)

MARC details
000 -LEADER
fixed length control field 01018cam a2200301 i 4500
001 - CONTROL NUMBER
control field 5773
003 - CONTROL NUMBER IDENTIFIER
rucl marc code BD-RjUL
005 - DATE AND TIME OF LATEST TRANSACTION
control field 20211208234126.0
008 - FIXED-LENGTH DATA ELEMENTS--GENERAL INFORMATION
fixed length control field 140107s1975 maua b 001 0 eng
020 ## - INTERNATIONAL STANDARD BOOK NUMBER
International Standard Book Number 066997238X
035 ## - SYSTEM CONTROL NUMBER
System control number (BD-RjUL)5812
040 ## - CATALOGING SOURCE
Original cataloging agency DLC
Transcribing agency DLC
Modifying agency DLC
-- BD-RjUL
Language of cataloging eng
041 ## - LANGUAGE CODE
Language code of text/sound track or separate title eng
082 00 - DEWEY DECIMAL CLASSIFICATION NUMBER
Classification number 353
Edition number 16
Author mark and year MAN 1975
245 00 - TITLE STATEMENT
Title Management and policy science in American government :
Remainder of title problems and prospects /
Statement of responsibility, etc. edited by Michael J. White, Michael Radnor, David A. Tansik.
260 ## - PUBLICATION, DISTRIBUTION, ETC. (IMPRINT)
Place of publication, distribution, etc. Lexington ;
-- Mass. :
Name of publisher, distributor, etc. Lexington Books,
Date of publication, distribution, etc. 1975.
300 ## - PHYSICAL DESCRIPTION
Pagination xiv, 319 p. :
Illustrations ill. ;
Size 24 cm.
504 ## - BIBLIOGRAPHY, ETC. NOTE
Bibliography, etc Includes bibliographical references and index.
650 #0 - SUBJECT ADDED ENTRY--TOPICAL TERM
Topical term or geographic name as entry element Public administration
General subdivision Decision making.
9 (RLIN) 18130
Topical term or geographic name as entry element Public administration.
9 (RLIN) 18131
Topical term or geographic name as entry element Policy sciences.
9 (RLIN) 18132
700 1# - ADDED ENTRY--PERSONAL NAME
Personal name White, Michael J.,
Dates associated with a name 1942-
Personal name Radnor, Michael.
Personal name Tansik, David A.
942 ## - ADDED ENTRY ELEMENTS (KOHA)
Source of classification or shelving scheme Dewey Decimal Classification
Koha item type Books
Holdings
Lost status Source of classification or shelving scheme Damaged status Not for loan Collection code Permanent Location Current Location Shelving location Date acquired Source of acquisition Cost, normal purchase price Total Checkouts Full call number Date last seen Copy number Koha item type
  Dewey Decimal Classification     Non-fiction Central Library, University of Rajshahi Central Library, University of Rajshahi   09/08/1979 Heffer 7.35   353 MAN 1975 07/01/2014 C-2 Books
  Dewey Decimal Classification     Non-fiction Central Library, University of Rajshahi Central Library, University of Rajshahi   09/08/1979 Heffer 7.35   353 MAN 1975 20/08/2016 C-3 Books
  Dewey Decimal Classification     Non-fiction Central Library, University of Rajshahi Central Library, University of Rajshahi   26/12/1980 Heffer 10.90   353 MAN 1975 20/08/2016 C-4 Books